000 00516nam a2200145 a 4500
008 120416s1988 ||||||||||||||||| || u
020 _a0434916137
050 _aHF 5825 Qui
100 _aQuinn, Patrick
245 1 4 _aThe secrets of successful copywriting
260 _aLondon
_bHeinemann Professional
_c1988
300 _axi, 214p. : ill.
350 _a0.00
995 _D0.00
_FCBU-MAIN LIBRARY (Kitwe)
_H1
_I5.95
_M1
_UAVAILABLE
_ZAnnex Low-Usage Collection
999 _c57196
_d57196